El Derecho Natural y el reinado de Edipo rey (Registro nro. 171610)
[ vista simple ]
| 000 -LEADER | |
|---|---|
| fixed length control field | 02334nam a22002657a 4500 |
| 007 - PHYSICAL DESCRIPTION FIXED FIELD--GENERAL INFORMATION | |
| fixed length control field | cr|||| |||| |
| 008 - FIXED-LENGTH DATA ELEMENTS--GENERAL INFORMATION | |
| fixed length control field | 220519s2021 es |||||s|||| 00||0 spa d |
| 020 ## - INTERNATIONAL STANDARD BOOK NUMBER | |
| International Standard Book Number | 978-84-124193-9-9 |
| 035 ## - | |
| -- | 35655 |
| 040 ## - CATALOGING SOURCE | |
| Original cataloging agency | vLex |
| 090 ## - | |
| -- | 13374 |
| -- | 13374 |
| 100 1# - MAIN ENTRY--PERSONAL NAME | |
| Personal name | Martínez Rodríguez, José Antonio |
| 245 12 - TITLE STATEMENT | |
| Title | El Derecho Natural y el reinado de Edipo rey |
| Medium | [Recurso electrónico] / |
| Statement of responsibility, etc | José Antonio Martínez Rodríguez, Francisco Morillas Caro |
| 256 ## - | |
| -- | Servicio en línea |
| 260 ## - PUBLICATION, DISTRIBUTION, ETC. (IMPRINT) | |
| Place of publication, distribution, etc | Barcelona: |
| Name of publisher, distributor, etc | J.M. Bosch Editor, |
| Date of publication, distribution, etc | 2021 |
| 300 ## - PHYSICAL DESCRIPTION | |
| Extent | 1 recurso electrónico |
| 500 ## - GENERAL NOTE | |
| General note | Derecho e Historia indisolublemente unidas en esta obra El Derecho Natural y el Reinado de Edipo Rey; dos Ciencias que tienen en común mucho más de lo que parece, son dinámicas, para nada estáticas, en continuo cambio con continuas aportaciones que nos hacen pensar que ambas son, un continuo volver a empezar; cuyos objetivos principales son el conocimiento y la mejora del ser humano en sociedad. A través de este libro nos acercamos a conceptos como el Derecho Griego (Arcaico y Clásico), el Derecho Natural, a la mitología, a las leyendas, a la tragedia, incluso al psicoanálisis. Un verdadero compendio de conceptos que al final forman un macropuzle en el cual todo finaliza encajando. Un libro ameno, de fácil lectura que acerca tanto a entendidos como a profanos en la materia a las Ciencias anteriormente referidas. Al ser humano nada de lo que ocurre en su entorno le es ajeno. Ni el más leve aleteo de una mariposa dejará de sentirse en todo el Universo. El Derecho, en suma, lo que pretende como objetivo principal es mejorar la vida del ser humano y de crear una sociedad más justa y equitativa; en la cual se dé a cada cual lo suyo. Eso, a lo largo de la Historia ha tenido una génesis y una evolución. |
| 506 1# - RESTRICTIONS ON ACCESS NOTE | |
| Terms governing access | Disponible solo en los productos indicados |
| Authorized users | vLex Global |
| -- | vLex Global (Academic Edition, excluding Law Schools) |
| -- | vLex Global (U.S. Academic Edition, Law Schools) |
| -- | vLex Global (U.S. Academic Edition, excluding Law Schools) |
| -- | vLex Global (Academic Edition, Law Schools) |
| 650 04 - SUBJECT ADDED ENTRY--TOPICAL TERM | |
| Topical term or geographic name as entry element | Derecho Militar |
| Geographic subdivision | España |
| 700 1# - ADDED ENTRY--PERSONAL NAME | |
| Personal name | Morillas Caro, Francisco |
| 740 0# - | |
| -- | vLex Libros (Servicio en línea) |
| 856 40 - LOCALIZACIÓN Y ACCESO ELECTRÓNICO | |
| Identificador Uniforme del Recurso (URI/URL) | https://app.vlex.com/#/sources/35655 |
| 942 ## - | |
| -- | RAA |
| 999 ## - | |
| -- | 171610 |
| -- | 171610 |
No hay ítems disponibles.